Technický pokrok a inovačný proces v národnom hospodárstve

Enregistré dans:
Détails bibliographiques
Auteur principal: Krč, Rudolf
Format: Livre
Langue:slovaque
Publié: Bratislava Veda 1986
Édition:1. vyd.
Tags: Ajouter un tag
Pas de tags, Soyez le premier à ajouter un tag!

MARC

LEADER 00000nam a2200000 4500
001 c032394
005 20250516125500.5
041 0 |a slo 
044 |a SK 
245 1 0 |a Technický pokrok a inovačný proces v národnom hospodárstve  |c Rudolf Krč 
250 |a 1. vyd. 
264 1 |a Bratislava  |b Veda  |c 1986 
300 |a 320 s. 
100 1 |a Krč, Rudolf